Datum a čas kvízu
43
Celkem bodů
Celkový počet nahraných bodů na tomto kvízu bez doplňovacích otázek.
1.
Pořadí na kvízu
Konečné umístění týmu na tomto kvízu.
Zaznamenané odpovědi
| # | Otázka | Odpověď | Body | Výsledky |
|---|---|---|---|---|
| 1. | Předseda Nejvyššího soudu přij... | Pavel Šámal | 1 | |
| 2. | Jediná letadlová loď ruského n... | Kuzněcov | 0 | |
| 3. | Nejvíce nominací na Zlaté glób... | Scarlett Johanssonová, Adam Driver | 0 | |
| 4. | Moneta Money Bank podepsala sm... | Wüstenrot | 1 | |
| 5. | Jak se jmenuje slovenská lyžař... | Petra Vlhová | 1 | |
| 6. | Plzeňské Odumřelé buňky se v l... | vchod | 1 | |
| 7. | "Dám vám hádanku a když ji uhá... | kamizola | 1 | |
| 8. | Ty knedlíky připomínají vajíčk... | mořské želvy | 1 | |
| 9. | „Prase počká. Ty jsi přednější... | Pandrholo | 0 | |
| 10. | "Žvejka to je hrozný hnus, žve... | Willy Wonka | 0 |